Hán văn giáo khoa thư T. 2 Lớp tám - lớp Chín

.

Đã lưu trong:
Sonraí Bibleagrafaíochta
Príomhúdar: Võ Như Nguyện (Tác giả)
Formáid: Leabhar
Teanga:Vietnamese
Foilsithe: H. Trung tâm học liệu - Bộ Giáo dục 1978
Ábhair:
Clibeanna: Cuir Clib Leis
Gan Chlibeanna, Bí ar an gcéad duine leis an taifead seo a chlibeáil!
Thư viện lưu trữ: Mạng thư viện Đại học Đà Nẵng
LEADER 01111nam a2200313 4500
001 000013932
003 10279
005 20120327080319.0
008 120327s1978 viesd
041 0 |a vie 
082 |a 495.1  |b VO-N 
100 0 |a Võ Như Nguyện  |e Tác giả 
245 1 0 |a Hán văn giáo khoa thư  |c Võ Như Nguyện, Nguyễn Hồng Giao  |n T. 2  |p Lớp tám - lớp Chín 
260 |a H.  |b Trung tâm học liệu - Bộ Giáo dục  |c 1978 
300 |a 472tr  |c 21cm 
520 |a . 
653 |a Hán văn 
653 |a Giáo khoa thư 
773 |d Trung tâm học liệu - Bộ giáo dục  |d H.  |t Hán văn giáo khoa thư  |w 10277 
OWN |a LSP 
AVA |a UDN50  |b LSP  |d 495.1 VO-N  |e available  |t Error 5001 Not defined in file expand_doc_bib_avail.  |f 1  |g 0  |h N  |i 0  |k 1 
999 |a From the UDN01 
AVA |a UDN50  |b LSP  |d 495.1 VO-N  |e available  |t Error 5001 Not defined in file expand_doc_bib_avail.  |f 1  |g 0  |h N  |i 0  |k 1 
TYP |a Monograph 
TYP |a Printed language 
980 |a Mạng thư viện Đại học Đà Nẵng